| 000 | 00526nam a2200181Ia 4500 | ||
|---|---|---|---|
| 008 | 140321s9999 xx 000 0 und d | ||
| 020 | _a9717250880 | ||
| 050 |
_aQA 154.2 _b.T137 2012 |
||
| 100 | _aTalamayan, Cecil Lelis | ||
| 245 |
_aCollege algebra / _cCecil Lelis Talamayan and Crizaldy P. Binarao. |
||
| 260 |
_aManila : _bGrandbooks Pub. Inc., _cc2012. |
||
| 300 |
_a357 p. : _c26 cm. |
||
| 500 | _aIncludes bibliographical references. | ||
| 521 | _aGE | ||
| 650 | _aAlgebra. | ||
| 942 |
_kLOC _cBK |
||
| 999 |
_c48485 _d48485 |
||